| Record ID | ia:planetofdoublesu0000jone |
| Source | Internet Archive |
| Download MARC XML | https://archive.org/download/planetofdoublesu0000jone/planetofdoublesu0000jone_marc.xml |
| Download MARC binary | https://www.archive.org/download/planetofdoublesu0000jone/planetofdoublesu0000jone_meta.mrc |
LEADER: 01616cam a2200421 i 4500
001 1256788
003 OCoLC
005 20151004214122.0
008 750317r1975 nyu 000 1 eng
010 $a75000413
020 $a0824014189
035 $a1256788
035 00 $iLCMARC/AEQ-9923/JO_ANNC
040 $aDLC$cDLC$dDLC$dOCoLC$dUtOrBLW
050 00 $aPZ4.J778$bPl5$aPS3560.O523
082 00 $a813/.5/4
092 $aSF
100 1 $aJones, Neil R.
245 14 $aThe planet of the double sun /$cby Neil R. Jones.
260 $aNew York :$bGarland Pub.,$c1975, c1967.
300 $a123 p. ;$c18 cm.
336 $atext$btxt$2rdacontent
337 $aunmediated$bn$2rdamedia
338 $avolume$bnc$2rdacarrier
490 1 $aGarland library of science fiction
500 $aReprint of the ed. published by Ace Books, New York.
655 7 $aScience fiction.$2gsafd
830 0 $aGarland library of science fiction.
907 $a.b11410516$b12-07-18$c07-16-03
998 $axfs$axgc$b07-01-03$cm$da $e-$feng$gnyu$h4$i2
957 00 $aOCLC reclamation of 2017-18
907 $a.b11410516$b11-29-14$c07-16-03
956 $aPre-reclamation 001 value: 1256788
998 $axfs$axgc$b07-01-03$cm$da$e-$feng$gnyu$h4$i2
999 $yMARS
998 $axgc$b07-01-03$cm$da$e-$feng$gnyu$h4$i2
945 $aSF$d - - $e04-29-2008 16:18$f0$g0$h06-12-08$i31223005262192$j503$0503$k - - $lxfsst$o-$p$0.00$q-$r-$s- $t0$u14$v0$w0$x0$y.i16562537$z08-01-03
945 $a$aSF$d - - $e - - $f0$g0$h - - $i31223901899279$j0$00$k - - $lxgcmc$o-$p$0.00$q-$rp$so $t0$u0$v0$w0$x0$y.i16562549$z08-01-03